000 00450nmm a2200169Ia 4500
008 251105s9999||||xx |||||||||||||||||und||
020 _a9788446039914
041 _aspa
100 _aAdorno, Theodor W.
245 0 _aSueños
264 _a[Madrid, España] :
_bAkal,
_c2014
300 _a128 páginas
490 _aPensamiento crítico
650 _aPhilosophy, Ethics
856 _uhttps://public.digitaliapublishing.com/a/37675
942 _cCF
999 _c82990
_d82990